Trouvez l'écrivain de ces livres - Clic quiz - Statistiques

Statistiques générales
  • Ce quiz a été pris 984 fois
  • Le résultat moyen est 24 sur 42
Statistiques - réponses
Hint Réponse % Correct
Les Misérables 1. Victor Hugo
89%
Voyage au centre de la Terre 3. Jules Verne
86%
Notre-Dame de Paris 1. Victor Hugo
85%
Vingt mille lieues sous les mers 3. Jules Verne
85%
L'Étranger 4. Albert Camus
85%
Le Rouge et le Noir 7. Stendhal
84%
Germinal 2. Émile Zola
82%
Madame Bovary 6. Gustave Flaubert
77%
De la Terre à la Lune 3. Jules Verne
76%
Bel-Ami 5. Guy de Maupassant
76%
L'Assommoir 2. Émile Zola
73%
La Peste 4. Albert Camus
71%
Nana 2. Émile Zola
67%
Les Contemplations 1. Victor Hugo
66%
Au bonheur des dames 2. Émile Zola
66%
Le Dernier Jour d’un condamné 1. Victor Hugo
65%
Le Horla 5. Guy de Maupassant
65%
La bête humaine 2. Émile Zola
61%
Boule de suif 5. Guy de Maupassant
61%
Le phare du bout du monde 3. Jules Verne
58%
La Parure 5. Guy de Maupassant
57%
L'éducation sentimentale 6. Gustave Flaubert
57%
La Chute 4. Albert Camus
54%
Le Mythe de Sisyphe 4. Albert Camus
53%
La Chartreuse de Parme 7. Stendhal
51%
Les enfants du capitaine Grant 3. Jules Verne
50%
Ruy Blas 1. Victor Hugo
49%
Une vie 5. Guy de Maupassant
47%
La Curée 2. Émile Zola
42%
Michael Strogoff 3. Jules Verne
42%
Salammbô 6. Gustave Flaubert
42%
Pierre et Jean 5. Guy de Maupassant
41%
Les Justes 4. Albert Camus
38%
Caligula 4. Albert Camus
35%
Lucien Leuwen 7. Stendhal
33%
Un coeur simple 6. Gustave Flaubert
32%
Le Dictionnaire des idées reçues 6. Gustave Flaubert
29%
Les Travailleurs de la mer 1. Victor Hugo
28%
Trois contes 6. Gustave Flaubert
26%
Vanina Vanini 7. Stendhal
25%
Armance 7. Stendhal
24%
De l'amour 7. Stendhal
21%
Aucun quiz correspondant
Distribution des résultats
% des personnes avec chaque résultat
Percentile par nombre de réponses
Votre historique - résultats
Vous n’avez pas pris ce quiz